| 000 | 01483nab a22002657a 4500 | ||
|---|---|---|---|
| 999 |
_c5529 _d5529 |
||
| 003 | OSt | ||
| 005 | 20251215122038.0 | ||
| 008 | 190502c xxu||||| |||| 00| 0 spa d | ||
| 040 | _cPJ | ||
| 100 |
_96481 _aFounburg, Mariano Nicolás |
||
| 245 | 1 | 0 |
_aSiniestros de tránsito con resultados dolosos / _cMariano Nicolás Founburg. |
| 260 |
_aCiudad Autónoma de Buenos Aires : _bThomson Reuters La Ley, _c2025. |
||
| 300 | _ap. 23-31 | ||
| 500 | _aCita Online: AR/DOC/2646/2025. | ||
| 505 | _aSumario: I. Reseña del caso.— II. Dolo eventual o culpa consciente. ¿Cómo distinguirlos?— III. El dolo en el Cód. Penal argentino.— IV. El rol del elemento volitivo en el caso "V.".— V. Consideraciones sobre el fallo del Tribunal Oral. — VI. Consideraciones sobre la solución final.— VII. La conducción antirreglamentaria en nuestro país y la ley penal aplicable. | ||
| 505 | _aFallo comentado: CNCasCrim. y Correc., sala I ~ 14/03/2023 ~ S.,S. y otros c. V., E. D. y otro s/ homicidio simple y lesiones gravísimas. | ||
| 505 | _t¿Te interesa el texto completo? Solicitalo al correo: koha@justierradelfuego.gov.ar | ||
| 650 | 0 |
_9343 _aDERECHO PENAL |
|
| 650 | 0 |
_aHOMICIDIO CULPOSO _92943 |
|
| 650 | 0 |
_aLESIONES _92950 |
|
| 650 | 0 |
_aACCIDENTE DE TRÁNSITO _92762 |
|
| 650 | 0 |
_aEXCESO DE VELOCIDAD _96510 |
|
| 773 | 0 |
_02729 _93180 _dBuenos Aires : LexisNexis, 2006- _tRevista de derecho penal y procesal penal. Nº 12 - Diciembre 2025 _z9875920622 |
|
| 942 |
_2udc _cANA |
||